Hack the Quiz #1 - Statistics

General Stats
  • This quiz has been taken 3,951 times
  • The average score is 19 of 32
Answer Stats
Cipher Word % Correct
12 separated
87%
27 the
80%
31 the
77%
48 What
75%
16 from
74%
01 Indonesia
72%
11 in
72%
54 called
72%
09 What
71%
40 is
71%
18 What
70%
89 country
70%
67 in
69%
07 Name
68%
57 the
68%
78 "Big
65%
73 mountain
62%
63 can
60%
91 tallest
60%
66 city
59%
83 snow?
59%
59 Alaskan,
58%
80 world.
58%
00 2002?
57%
86 Apple"?
57%
97 be
53%
96 or
47%
Everest
42%
New York
39%
70 Dungeness,
38%
East Timor
27%
Crabs
8%
No matching quizzes found
Score Distribution
Percent of People with Each Score
Percentile by Number Answered
Your Score History
You have not taken this quiz